| 000 | 01383cam a22003857a 4500 | ||
|---|---|---|---|
| 003 | CHAP | ||
| 005 | 20220329142558.0 | ||
| 008 | 010920d2001 mx r 00110 spa d | ||
| 010 | _a85213 | ||
| 011 | _a86185 | ||
| 035 | _a96723 | ||
| 040 | _cCHAP | ||
| 090 | _aTesis | ||
| 100 | 0 | 0 |
_aCortés Espinoza, Lorena. _928351 |
| 245 | 1 | 0 |
_aEstudio econométrico de la demanda de café soluble en México _c/por Lorena Cortés Espinoza |
| 260 |
_aChapingo, Méx. : _bEl autor, _c2001. |
||
| 300 |
_a74 h. ; _banexo |
||
| 502 | _aTesis (Lic. en Economía Agrícola) -- UACH. División de Ciencias Económico Administrativas | ||
| 590 |
_aALEPH _b10 _c20130110 _lUCH01 _h1445 |
||
| 590 |
_aBATCH-UPD _b10 _c20130110 _lUCH01 _h0131 |
||
| 590 |
_aBATCH-UPD _b10 _c20130110 _lUCH01 _h2031 |
||
| 590 |
_aBATCH-UPD _b10 _c20130409 _lUCH01 _h2127 |
||
| 590 |
_aBATCH-UPD _b10 _c20130410 _lUCH01 _h1347 |
||
| 590 |
_aBATCH-UPD _b10 _c20130914 _lUCH01 _h0812 |
||
| 590 |
_aCONVERSION _b10 _c20130109 _lUCH01 _h1347 |
||
| 650 | 1 | 4 |
_aCafé soluble. _917218 |
| 650 | 1 | 4 |
_aCafé _xAspectos económicos _xMéxico. _917104 |
| 650 | 1 | 4 |
_aCafé _xMercadeo _zMéxico. _917173 |
| 650 | 1 | 4 |
_aCafé _xMéxico. _917176 |
| 901 | _aBK | ||
| 905 | _aAlejandra Carrasco M. | ||
| 942 | _cFOLL | ||
| 949 |
_aTesis _bBC _cTES _d33724000859971 _eTS2 _fc.2 _h39010 _i96723 _si |
||
| 949 |
_aTesis _bBC _cTES _d967231 _eTS1 _h39009 _i96723 _sb |
||
| 999 |
_c85213 _d85213 |
||